000 01056nam0a22002891 4500
001 rc\3527105
005 20250610032055.0
021 _aRU
_b[69-77474]
035 _a(NLR Aleph) 007663767
090 _a6360095
_c6360095
100 _a20130115d1969 |||y0rusy50 ca
101 0 _arus
102 _aRU
105 _aa z |||||
200 1 _aСовременный карьерный транспорт
205 _a(2-е изд., перераб.)
210 _aМосква
_cНедра
_d1969
215 _a304 с.
_cил.
_d22
300 _aПеред загл. авт.: М.В. Васильев, проф. д-р техн. наук
320 _aБиблиогр.: с. 299-302 (84 назв.)
606 _aКарьерный транспорт
_2psbo
700 1 _7ca
_8rus
_aВасильев
_bМ. В.
_cд-р техн. наук, горное дело
_f1908-1986
_gМихаил Владимирович
_9257000
_3RU\NLR\AUTH\770257056
801 0 _aRU
_bNLR
_gpsbo
801 1 _aRU
_bELAR
_2rusmarc
852 _aNLR
_j69-5/4585
942 _cBOOK
980 _aNB